000 00424nam a2200133Ia 4500
008 190228s9999 xx 000 0 und d
020 _a9780814438626
100 _aFinnegan, Richard P.
245 _cRichard P. Finnegan.--
_aRaise your team's employee engagement score :
_ba manager's guide /
260 _aUSA :
_bAMACOM
_c2018
300 _a116 pages.
650 _aEmployee motivation.
650 _aOrganizatinal behavior.
999 _c361304
_d361304